000 00365pab a2200145 454500
008 180718b1991 xxu||||| |||| 00| 0 eng d
100 _aBergman, David
245 _aBangladesh's opening for a new beginning
260 _c1991
300 _a382-5
362 _a16 Feb.
650 _aBangladesh - Politics
773 _aEconomic and Political Weekly
909 _a4192
999 _c4192
_d4192